| 000 | 00870nam a2200229 i 4500 | ||
|---|---|---|---|
| 003 | IT-RoINE | ||
| 005 | 20230202113351.0 | ||
| 008 | 090703s1991 sp r 000 0 spa d | ||
| 040 |
_aES-MaCSI _cIT-RoINE _dIT-RoINE |
||
| 100 |
_aParedes Alonso, Francisco Javier _916384 |
||
| 245 | 1 | 0 |
_aPascual Madoz 1805-1870 : _bLibertad y progreso en la Monarquía Isabelina / _cFrancisco Javier Paredes Alonso. |
| 260 |
_aPamplona : _bEdiciones Universidad de Navarra, _c1991. |
||
| 300 |
_a574 p. ; _c22 cm. |
||
| 336 |
_2rdacontent _atext |
||
| 337 |
_2rdamedia _aunmediated |
||
| 338 |
_2rdacarrier _avolume |
||
| 490 | 1 |
_aUniversidad de Navarra. _aColección histórica ; _v37 |
|
| 600 | 0 | 4 |
_913614 _aMadoz, Pascual, _d1806-1870 |
| 651 | 4 |
_aEspaña _xHistoria _y1843-1868 (Isabel II) _97148 |
|
| 830 | 0 |
_aColección histórica (Universidad de Navarra) ; _913605 _v37 |
|
| 942 | _cMTS | ||
| 999 |
_c8809 _d8809 |
||